Welcome to the Holygrace Academy Library

Please use search bar below to get started

THE PRISONER OF ZENDA (Record no. 2823)

MARC details
000 -LEADER
fixed length control field 00377nam a22001337a 4500
020 ## - INTERNATIONAL STANDARD BOOK NUMBER
ISBN 978-81-288-3806-4
082 ## - DEWEY DECIMAL CLASSIFICATION NUMBER
Classification number 823
Item number HOP/9
100 ## - MAIN ENTRY--AUTHOR NAME
Personal name HOPE, ANTHONY
245 ## - TITLE STATEMENT
Title THE PRISONER OF ZENDA
Remainder of title ILLUSTRATED WORLD CLASSICS
246 ## - VARYING FORM OF TITLE
Title proper/short title THE PRISONER OF ZENDA
Remainder of title ILLUSTRATED WORLD CLASSICS
260 ## - PUBLICATION, DISTRIBUTION, ETC. (IMPRINT)
Place of publication NEW DELHI
Name of publisher DIAMOND POCKET BOOKS (P) LTD
Year of publication 2012
300 ## - PHYSICAL DESCRIPTION
Number of Pages 127
942 ## - ADDED ENTRY ELEMENTS (KOHA)
Koha item type Books
Holdings
Withdrawn status Lost status Collection code Home library Current library Shelving location Date acquired Source of acquisition Full call number Accession Number Koha item type
    Fiction Main Library Main Library SHELF 4-F ENGLISH CLASSICS 14/01/2019 Purchase 823 HOP/9 10386 Books